000
00297nam a22001337a 4500
008
181022b xxu||||| |||| 00| 0 eng d
020
_a
0226872831
041
_a
eng
080
_a
159.9
100
_a
48
101
_a
PSI
245
_a
Behaviorism and Phenomenology
_c
Wann.T.W
942
_2
udc
_c
BK
999
_c
50348
_d
50348